00917nam a22002417a 450000500170000001000110001702000100002803500110003803700160004904000120006508200150007710000280009224500630012026000540018330000200023750000520025765000440030965000270035394200240038099900190040495201280042395201240055120170124105958.0 a639426 c00.00 a639426 bCen Lib/Ret aDPLbEN a027.4bCOR aCorbett, Edmund V91729 aThe public library and its control /cby Edmund V. Corbett aLondonbAssociation of Assistant Librariansc1962 a143p.c21cm(Hb) aIncludes bibliographic references and index  aPublic libraries--Administration915046 aPublic libraries96368 2ddccENh027.4mCOR c125646d125646 001040718REFaLbLd2015-06-22eCen Lib/Ret g0.00l0o027.4 CORp639426r2015-06-22 00:00:00t1v0.00w2015-06-22yEN 00102ddc40718REFaLbLd2016-12-01eCen Lib/Retl0o027.4 CORp592532r2016-12-01 00:00:00t2v0.00w2016-12-01yEN